header

Approaching literature : (Record no. 255412)

MARC details
000 -LEADER
fixed length control field 01173cam a22003495a 4500
001 - CONTROL NUMBER
control field 16719879
003 - CONTROL NUMBER IDENTIFIER
control field OSt
005 - DATE AND TIME OF LATEST TRANSACTION
control field 20170208114949.0
008 - FIXED-LENGTH DATA ELEMENTS--GENERAL INFORMATION
fixed length control field 110404s2012 maua 001 0 eng
010 ## - LIBRARY OF CONGRESS CONTROL NUMBER
LC control number 2011926680
020 ## - INTERNATIONAL STANDARD BOOK NUMBER
International Standard Book Number 9780312640996 (student edition : alk. paper)
International Standard Book Number 9780312606985 (complimentary copy : alk. paper)
040 ## - CATALOGING SOURCE
Original cataloging agency DLC
Transcribing agency DLC
042 ## - AUTHENTICATION CODE
Authentication code pcc
050 00 - LIBRARY OF CONGRESS CALL NUMBER
Classification number PE1417
Item number .S358 2012
082 00 - DEWEY DECIMAL CLASSIFICATION NUMBER
Classification number 808/.0427
Edition number 23
100 1# - MAIN ENTRY--PERSONAL NAME
Personal name Schakel, Peter J.
245 10 - TITLE STATEMENT
Title Approaching literature :
Remainder of title reading + thinking + writing /
Statement of responsibility, etc Peter Schakel, Jack Ridl.
250 ## - EDITION STATEMENT
Edition statement 3rd ed.
260 ## - PUBLICATION, DISTRIBUTION, ETC. (IMPRINT)
Place of publication, distribution, etc Boston, MA :
Name of publisher, distributor, etc Bedford/St. Martins,
Date of publication, distribution, etc c2012.
300 ## - PHYSICAL DESCRIPTION
Extent xxxix, 1508 p. :
Other physical details ill. ;
Dimensions 24 cm.
500 ## - GENERAL NOTE
General note Includes index.
650 #0 - SUBJECT ADDED ENTRY--TOPICAL TERM
Topical term or geographic name as entry element College readers.
Topical term or geographic name as entry element English language
General subdivision Rhetoric
Form subdivision Problems, exercises, etc.
Topical term or geographic name as entry element Reading (Higher education)
Form subdivision Problems, exercises, etc.
Topical term or geographic name as entry element Report writing
Form subdivision Problems, exercises, etc.
Topical term or geographic name as entry element American literature.
700 1# - ADDED ENTRY--PERSONAL NAME
Personal name Ridl, Jack.
906 ## - LOCAL DATA ELEMENT F, LDF (RLIN)
a 7
b cbc
c orignew
d 3
e epcn
f 20
g y-gencatlg
942 ## - ADDED ENTRY ELEMENTS (KOHA)
Source of classification or shelving scheme Library of Congress Classification
Koha item type Long Loan Books
Holdings
Withdrawn status Lost status Source of classification or shelving scheme Damaged status Not for loan Collection code Home library Current library Shelving location Date acquired Total Checkouts Full call number Barcode Date last seen Date checked out Price effective from Koha item type
    Library of Congress Classification     Non-fiction Rongo University Library Rongo University Library General Stacks 08/02/2017 1 PE1417 .S358 2012 201617422 02/07/2018 27/09/2017 08/02/2017 Long Loan Books

© 2026 Rongo University
Contact us: librarian | system librarian | Rongo university